| 000 | 00888nam a2200229 a 4500 | ||
|---|---|---|---|
| 001 | BRCA_1753 | ||
| 005 | 20190320203532.0 | ||
| 008 | 940406s1993 mx-a---###---#000-0#spa-# | ||
| 020 | _a9687287004 | ||
| 040 |
_aDLC _cDLC _dDLC |
||
| 050 | 4 |
_aF1391.G8 _b.R57 1993 |
|
| 100 | 1 |
_aRionda Arreguín, Isauro _95472 |
|
| 245 | 1 | 0 |
_aGuanajuato _bpatrimonio cultural de la humanidad _ctextos Isauro Rionda Arreguín, Eugenio Trueba Olivares ; fotografía Rodolfo Méndez González ; realización y diseño Ilia López Goerne. |
| 260 |
_aMéxico _bA Todo Color _c1993 |
||
| 300 |
_a160 p. _bil. a color _c35 cm. |
||
| 651 | 4 |
_aGuanajuato (México) _xDescripción y viajes _9880 |
|
| 651 | 4 |
_aGuanajuato (México) _xTrabajos Ilustrados _95473 |
|
| 700 | 1 |
_aTrueba Olivares, Eugenio _d1921- _95474 |
|
| 700 | 1 |
_aMéndez González, Rodolfo _95475 |
|
| 700 | 1 |
_aLópez Goerne, Ilia _95476 |
|
| 942 |
_2lcc _cB |
||
| 999 |
_c1537 _d1537 |
||